[Event "Eurasia Cup op"]
[Site "Ekaterinburg"]
[Date "2019.08.05"]
[Round "5"]
[White "Voinikonis, Nikita"]
[Black "Pauli, Stanislav"]
[Result "1-0"]
[WhiteElo "2137"]
[BlackElo "1898"]
[PlyCount "75"]
[EventDate "2019.07.31"]
[EventType "swiss"]
[EventRounds "9"]
[EventCountry "RUS"]
[SourceTitle "CBM 191 Extra"]
[Source "ChessBase"]
[SourceDate "2019.09.30"]
[SourceVersion "1"]
[SourceVersionDate "2019.09.30"]
[SourceQuality "1"]

1. e4 c5 2. d3 Nc6 3. g3 g6 4. Bg2 Bg7 5. f4 d6 6. Nf3 e6 7. 0-0 Nge7 8. c3 0-0 9. Be3 b6 10. Bf2 Bd7 11. Na3 a6 12. Nc4 Qc7 13. e5 dxe5 14. fxe5 Rad8 15. Qe2 b5 16. Nd6 Nxe5 17. Ne4 Nxf3+ 18. Bxf3 c4 19. dxc4 bxc4 20. Nc5 Bc6 21. Bxc6 Qxc6 22. Rfd1 h5 23. Qxc4 Qf3 24. Rxd8 Rxd8 25. Qe4 Qxe4 26. Nxe4 Rb8 27. Rd1 f5 28. Ng5 Bf6 29. Nxe6 Rxb2 30. a4 Ra2 31. c4 Rxa4 32. c5 Ra1 33. Rxa1 Bxa1 34. Kf1 Nc6 35. Ke2 a5 36. Kd3 Kf7 37. Ng5+ Kf6 38. Nf3 1-0

[Event "Eurasia Cup op"]
[Site "Ekaterinburg"]
[Date "2019.08.01"]
[Round "2"]
[White "Pauli, Stanislav"]
[Black "Akhmetshin, Roman"]
[Result "1-0"]
[WhiteElo "1890"]
[BlackElo "1306"]
[PlyCount "55"]
[EventDate "2019.07.31"]
[EventType "swiss"]
[EventRounds "9"]
[EventCountry "RUS"]
[SourceTitle "CBM 191 Extra"]
[Source "ChessBase"]
[SourceDate "2019.09.30"]
[SourceVersion "1"]
[SourceVersionDate "2019.09.30"]
[SourceQuality "1"]

1. Nf3 d5 2. b3 Bf5 3. Bb2 e6 4. g3 h6 5. Bg2 Nf6 6. 0-0 Be7 7. d3 0-0 8. Nbd2 a5 9. a3 c6 10. Re1 Nbd7 11. e4 Bh7 12. e5 Ne8 13. Nf1 Nc7 14. a4 Na6 15. g4 Nac5 16. Ng3 Qc7 17. Qd2 Bxd3 18. cxd3 Nxb3 19. Qc2 Nxa1 20. Rxa1 g6 21. h4 f6 22. Nd4 Kf7 23. Nxe6 Kxe6 24. Bxd5+ cxd5 25. Qxc7 Rfc8 26. Qxb7 Rab8 27. Qa6+ Kf7 28. e6+ 1-0

[Event "Cheliabinsk Kurnosov Memorial rapid"]
[Site "Cheliabinsk"]
[Date "2018.09.07"]
[Round "1"]
[White "Pauli, Stanislav"]
[Black "Lysyj, Igor"]
[Result "0-1"]
[WhiteElo "1898"]
[BlackElo "2631"]
[PlyCount "122"]
[EventDate "2018.09.07"]
[EventType "swiss (rapid)"]
[EventRounds "11"]
[EventCountry "RUS"]
[SourceTitle "CBM 186 Extra"]
[Source "ChessBase"]
[SourceDate "2018.08.24"]
[SourceVersion "1"]
[SourceVersionDate "2018.08.24"]
[SourceQuality "1"]

1. d4 e6 2. c4 b6 3. Nc3 Bb7 4. e4 Bb4 5. Qc2 Qh4 6. Bd3 Bxc3+ 7. bxc3 f5 8. d5 fxe4 9. Bxe4 Nf6 10. Bf3 Qxc4 11. dxe6 Qxe6+ 12. Be3 Bxf3 13. Nxf3 Ng4 14. 0-0 Nxe3 15. fxe3 Nc6 16. e4 Qc4 17. Nd2 Qc5+ 18. Kh1 0-0-0 19. Qd3 Ne5 20. Qa6+ Kb8 21. Nb3 Qc4 22. Qxc4 Nxc4 23. Rf7 g6 24. Raf1 Ne5 25. Re7 Rde8 26. Rg7 Rhf8 27. Kg1 Rxf1+ 28. Kxf1 h5 29. h3 Kb7 30. Nd4 d6 31. Nb5 Rf8+ 32. Ke2 Rf7 33. Rg8 a6 34. Nd4 Rf6 35. Rg7 b5 36. Nf3 Re6 37. Nxe5 Rxe5 38. Kf3 g5 39. g4 h4 40. Ke3 d5 41. Kd4 Rxe4+ 42. Kxd5 Rc4 43. Rxg5 Rxc3 44. Ke4 Rxh3 45. Rh5 Kb6 46. g5 c5 47. Kf4 c4 48. Kg4 Rh1 49. Rh6+ Kc5 50. g6 Rg1+ 51. Kf5 c3 52. Rh8 Kb4 53. Rxh4+ Ka3 54. Rh2 b4 55. Kf6 b3 56. axb3 Kxb3 57. Rh3 Kb2 58. g7 c2 59. Rh2 a5 60. Kf7 a4 61. Kf8 a3 0-1

[Event "RUS-ch Eurasia Cup op"]
[Site "Ekaterinburg"]
[Date "2018.08.07"]
[Round "6"]
[White "Fomin, Pavel V"]
[Black "Pauli, Stanislav"]
[Result "1-0"]
[WhiteElo "2056"]
[BlackElo "1937"]
[PlyCount "73"]
[EventDate "2018.08.01"]
[EventType "swiss"]
[EventRounds "9"]
[EventCountry "RUS"]
[SourceTitle "CBM 185 Extra"]
[Source "ChessBase"]
[SourceDate "2018.07.29"]
[SourceVersion "1"]
[SourceVersionDate "2018.07.29"]
[SourceQuality "1"]

1. c4 Nf6 2. g3 g6 3. Bg2 Bg7 4. Nf3 0-0 5. 0-0 c5 6. Nc3 Nc6 7. d4 cxd4 8. Nxd4 Nxd4 9. Qxd4 d6 10. Rd1 Be6 11. c5 Nd7 12. Qb4 Nxc5 13. Be3 a5 14. Qa3 Qb6 15. Na4 Qb4 16. Nxc5 Qxa3 17. bxa3 Bxa1 18. Nxe6 fxe6 19. Rxa1 d5 20. Rb1 Rfb8 21. Bf4 Rc8 22. Rxb7 Kf7 23. Bg5 Re8 24. a4 Rab8 25. Rb5 Rxb5 26. axb5 a4 27. e4 Rb8 28. Bf1 d4 29. Bf4 Rb7 30. Be5 Ke8 31. Bxd4 Rd7 32. Be3 Rd1 33. Kg2 Rb1 34. b6 Kd7 35. Ba6 e5 36. b7 Kc7 37. Ba7 1-0

[Event "RUS-ch Eurasia Cup op"]
[Site "Ekaterinburg"]
[Date "2018.08.06"]
[Round "5"]
[White "Panjshin, Daniil"]
[Black "Pauli, Stanislav"]
[Result "0-1"]
[WhiteElo "1714"]
[BlackElo "1937"]
[PlyCount "88"]
[EventDate "2018.08.01"]
[EventType "swiss"]
[EventRounds "9"]
[EventCountry "RUS"]
[SourceTitle "CBM 185 Extra"]
[Source "ChessBase"]
[SourceDate "2018.07.29"]
[SourceVersion "1"]
[SourceVersionDate "2018.07.29"]
[SourceQuality "1"]

1. e4 c5 2. Nf3 d6 3. d4 cxd4 4. Nxd4 Nf6 5. Nc3 Nc6 6. Be2 e5 7. Nb3 h6 8. Be3 Be7 9. 0-0 0-0 10. f3 a6 11. Nd5 Nxd5 12. exd5 Nb8 13. c4 b6 14. Bd3 Bg5 15. Qd2 Bxe3+ 16. Qxe3 f5 17. Nd2 f4 18. Qf2 a5 19. Ne4 Bf5 20. Qe2 Na6 21. b3 Nc5 22. Bc2 Nxe4 23. Bxe4 Qh4 24. a3 Rf6 25. b4 Raf8 26. bxa5 bxa5 27. Rab1 Rg6 28. Rb6 Rff6 29. Qf2 Qg5 30. Kh1 Bxe4 31. fxe4 f3 32. gxf3 Qf4 33. c5 dxc5 34. Rxf6 Rxf6 35. Qxc5 Qd2 36. Qc4 Kh7 37. Qb3 Rf4 38. Qd1 Qb2 39. Qa1 Qb8 40. Qc3 Qb5 41. Re1 Qe8 42. d6 Qf8 43. Qc5 Rxf3 44. Rg1 Rd3 0-1

[Event "Cheliabinsk Kurnosov Memorial rapid"]
[Site "Cheliabinsk"]
[Date "2016.05.26"]
[Round "1"]
[White "Pauli, Stanislav"]
[Black "Rublevsky, Sergei"]
[Result "0-1"]
[WhiteElo "1967"]
[BlackElo "2692"]
[PlyCount "54"]
[EventDate "2016.05.26"]
[EventType "swiss (rapid)"]
[EventRounds "11"]
[EventCountry "RUS"]
[SourceTitle "CBM 172 Extra"]
[Source "ChessBase"]
[SourceDate "2016.06.21"]
[SourceVersion "1"]
[SourceVersionDate "2016.06.21"]
[SourceQuality "1"]

1. Nf3 d5 2. b3 Bg4 3. Bb2 Nd7 4. d4 e6 5. Nbd2 f5 6. e3 Ngf6 7. Be2 Bd6 8. h3 Bxf3 9. gxf3 0-0 10. c4 c6 11. c5 Bc7 12. b4 f4 13. e4 e5 14. Qb3 a5 15. b5 a4 16. Qc2 exd4 17. exd5 cxd5 18. Bxd4 Be5 19. Bxe5 Nxe5 20. 0-0-0 Qa5 21. Kb1 Rac8 22. Rc1 Nfd7 23. Qb2 Nxc5 24. Qxe5 Qxd2 25. Rhd1 Qb4+ 26. Ka1 Rfd8 27. Rxd5 Nb3+ 0-1

[Event "Anapa op"]
[Site "Anapa"]
[Date "2012.09.07"]
[Round "8"]
[White "Pauli, Stanislav"]
[Black "Usachev, Nikita"]
[Result "1-0"]
[WhiteElo "2005"]
[BlackElo "1642"]
[PlyCount "117"]
[EventDate "2012.08.30"]
[EventType "swiss"]
[EventRounds "9"]
[EventCountry "RUS"]
[SourceTitle "CBM 150 Extra"]
[Source "ChessBase"]
[SourceDate "2012.10.19"]
[SourceVersion "1"]
[SourceVersionDate "2012.10.19"]
[SourceQuality "1"]

1. Nf3 d5 2. b3 Nf6 3. Bb2 b6 4. e3 Bb7 5. Be2 Nbd7 6. 0-0 g6 7. d4 Bg7 8. Nbd2 0-0 9. c4 c6 10. Rc1 Re8 11. h3 h6 12. Re1 Nh7 13. Qc2 Rc8 14. Ne5 Nxe5 15. dxe5 Nf8 16. f4 f5 17. Nf3 e6 18. cxd5 cxd5 19. Qd2 Nd7 20. Rxc8 Qxc8 21. Rc1 Qb8 22. Bb5 Rd8 23. Ba3 Bf8 24. Bxf8 Kxf8 25. Bxd7 Rxd7 26. Nd4 Kf7 27. Nb5 Kg8 28. Qc3 Rd8 29. Nd6 Rd7 30. b4 Kf8 31. a4 Ke7 32. b5 Kd8 33. Qb4 Re7 34. a5 Rc7 35. Nxb7+ Qxb7 36. Qd6+ Kc8 37. Qxe6+ Kb8 38. Qe8+ Rc8 39. Rxc8+ Qxc8 40. Qxc8+ Kxc8 41. axb6 axb6 42. g4 Kd7 43. gxf5 gxf5 44. Kf2 Ke6 45. Kg3 Kf7 46. Kh4 Kg6 47. e6 Kf6 48. Kh5 Kxe6 49. Kxh6 d4 50. exd4 Kd5 51. Kg5 Kxd4 52. h4 Kc5 53. h5 Kxb5 54. h6 Ka4 55. h7 b5 56. h8Q b4 57. Kxf5 b3 58. Ke4 Ka3 59. Qa1+ 1-0

[Event "Cheliabinsk Kibizov Memorial 6th"]
[Site "Cheliabinsk"]
[Date "2011.06.27"]
[Round "4"]
[White "Kuznetsova, Elena V"]
[Black "Pauli, Stanislav"]
[Result "0-1"]
[WhiteElo "2156"]
[BlackElo "2012"]
[PlyCount "76"]
[EventDate "2011.06.24"]
[EventType "swiss"]
[EventRounds "9"]
[EventCountry "RUS"]
[SourceTitle "EXT 2022"]
[Source "ChessBase"]
[SourceDate "2021.10.06"]
[SourceVersion "1"]
[SourceVersionDate "2021.10.06"]
[SourceQuality "1"]

1. e4 c5 2. Nf3 d6 3. d4 cxd4 4. Nxd4 Nf6 5. Nc3 Nc6 6. Bg5 e6 7. Ndb5 Be7 8. Bxf6 gxf6 9. Bc4 a6 10. Nd4 Qb6 11. Nxc6 bxc6 12. Bb3 a5 13. 0-0 Rg8 14. Qh5 Rg7 15. Rfe1 Qd4 16. Rad1 Qe5 17. Qxe5 fxe5 18. Re3 Bd7 19. Ne2 a4 20. Bc4 d5 21. Bd3 Bg5 22. Rg3 f5 23. h4 Bh6 24. Rxg7 Bxg7 25. exf5 e4 26. fxe6 Bc8 27. Bb5 cxb5 28. Rxd5 Bxb2 29. Rxb5 a3 30. Rh5 Bxe6 31. Rxh7 0-0-0 32. Ra7 Bxa2 33. Nc3 Bxc3 34. Rxa3 Rd1+ 35. Kh2 Be5+ 36. g3 Bd5 37. Ra5 e3 38. fxe3 Rh1# 0-1

[Event "UrFO-ch op"]
[Site "Cheliabinsk"]
[Date "2011.03.21"]
[Round "4"]
[White "Protasov, Valery"]
[Black "Pauli, Stanislav"]
[Result "1/2-1/2"]
[WhiteElo "1721"]
[BlackElo "2046"]
[PlyCount "127"]
[EventDate "2011.03.19"]
[EventType "swiss"]
[EventRounds "9"]
[EventCountry "RUS"]
[SourceTitle "EXT 2012"]
[Source "ChessBase"]
[SourceDate "2011.11.24"]
[SourceVersion "1"]
[SourceVersionDate "2011.11.24"]
[SourceQuality "1"]

1. d4 d5 2. c4 e6 3. Nc3 Nf6 4. Bg5 Be7 5. Nf3 c6 6. e3 0-0 7. Bd3 Nbd7 8. Bh4 dxc4 9. Bxc4 b5 10. Bd3 Bb7 11. 0-0 a6 12. a3 c5 13. Bxf6 Bxf6 14. Ne4 Be7 15. dxc5 f5 16. Nc3 Nxc5 17. Be2 Bf6 18. Nd4 Qd7 19. b4 Ne4 20. Nxe4 Bxe4 21. f3 Bb7 22. Nb3 Qd5 23. Rb1 Qe5 24. Qd4 Qxd4 25. exd4 Rad8 26. Rbd1 Rd6 27. Rd2 Rfd8 28. Rfd1 Bg5 29. Rd3 Bd5 30. Nc5 Bc4 31. Nb7 Bxd3 32. Rxd3 Rd5 33. Nxd8 Bxd8 34. Bd1 Bb6 35. Bb3 Bxd4+ 36. Kf1 Rd6 37. Bxe6+ Rxe6 38. Rxd4 Kf7 39. Kf2 Kf6 40. f4 h6 41. g3 Rc6 42. Rd3 g5 43. h3 Rc2+ 44. Kf3 Ke6 45. g4 Rc4 46. fxg5 fxg4+ 47. hxg4 hxg5 48. Kg3 Ke5 49. Rf3 Ke4 50. Rf5 Rc3+ 51. Kf2 Rxa3 52. Rxg5 Kf4 53. Rg6 Ra2+ 54. Ke1 Ke4 55. Rc6 Kd5 56. Rc5+ Kd6 57. Rc3 Ra4 58. Rb3 Ke5 59. Ke2 Kf4 60. g5 Kxg5 61. Ke3 Kf5 62. Kd4 Ke6 63. Kc5 Kd7 64. Rd3+ 1/2-1/2

[Event "UrFO-ch op"]
[Site "Cheliabinsk"]
[Date "2011.03.20"]
[Round "3"]
[White "Pauli, Stanislav"]
[Black "Shnayder, Violetta"]
[Result "0-1"]
[WhiteElo "2046"]
[BlackElo "1870"]
[PlyCount "84"]
[EventDate "2011.03.19"]
[EventType "swiss"]
[EventRounds "9"]
[EventCountry "RUS"]
[SourceTitle "EXT 2012"]
[Source "ChessBase"]
[SourceDate "2011.11.24"]
[SourceVersion "1"]
[SourceVersionDate "2011.11.24"]
[SourceQuality "1"]

1. Nf3 Nf6 2. d4 g6 3. e3 Bg7 4. Bd3 d6 5. b3 0-0 6. Bb2 Bg4 7. h3 Bxf3 8. Qxf3 c6 9. Nd2 Qa5 10. c3 Nbd7 11. 0-0 e5 12. Nc4 Qc7 13. dxe5 dxe5 14. Ba3 Rfe8 15. e4 b5 16. Ne3 Bf8 17. Bb2 Nc5 18. Bc2 Kg7 19. Rfd1 Rad8 20. g3 Ne6 21. h4 Rxd1+ 22. Rxd1 Rd8 23. Kg2 Rxd1 24. Qxd1 Qa5 25. Bb1 Qd8 26. Qxd8 Nxd8 27. c4 Nd7 28. cxb5 cxb5 29. f4 f6 30. Nd5 Ne6 31. Bd3 a6 32. Kf3 Kf7 33. a4 Ndc5 34. Bc2 bxa4 35. bxa4 Nd4+ 36. Bxd4 exd4 37. Ke2 Ke6 38. Bd3 f5 39. Nc7+ Kd7 40. Nxa6 Nxe4 41. Bxe4 fxe4 42. a5 Kc8 0-1

[Event "Moscow op-E"]
[Site "Moscow"]
[Date "2011.02.05"]
[Round "8.163"]
[White "Shagdurov, Denis"]
[Black "Pauli, Stanislav"]
[Result "0-1"]
[WhiteElo "1758"]
[BlackElo "2082"]
[PlyCount "84"]
[EventDate "2011.01.29"]
[EventType "swiss"]
[EventRounds "9"]
[EventCountry "RUS"]
[SourceTitle "EXT 2022"]
[Source "ChessBase"]
[SourceDate "2021.10.06"]
[SourceVersion "1"]
[SourceVersionDate "2021.10.06"]
[SourceQuality "1"]

1. e4 c5 2. Nf3 d6 3. d4 cxd4 4. Nxd4 Nf6 5. Nc3 Nc6 6. Be2 e5 7. Nf3 h6 8. 0-0 Be7 9. Re1 0-0 10. Bc4 Bg4 11. h3 Bh5 12. g4 Bg6 13. Nh4 Kh7 14. Nf5 Bxf5 15. gxf5 Rc8 16. Be3 a6 17. a4 Nb4 18. Bb3 Qd7 19. Qf3 g6 20. fxg6+ fxg6 21. Qg2 Nh5 22. Kh2 Nf4 23. Qg3 Bg5 24. Qg4 Qe7 25. h4 Bxh4 26. Bxf4 exf4 27. Rg1 Qf6 28. Qd7+ Kh8 29. Qh3 Rc5 30. Rg4 Rh5 31. Qf3 Bxf2+ 32. Kg2 Bg3 33. Ne2 Rh2+ 34. Kg1 h5 35. Rxg3 fxg3 36. Qe3 Qf2+ 37. Qxf2 Rfxf2 38. Nd4 Nc6 39. Nxc6 bxc6 40. Rd1 h4 41. Rd3 Rfg2+ 42. Kf1 h3 0-1

[Event "Moscow op-E"]
[Site "Moscow"]
[Date "2011.02.02"]
[Round "5.226"]
[White "Pauli, Stanislav"]
[Black "Matyushin, Lev"]
[Result "1-0"]
[WhiteElo "2082"]
[BlackElo "1803"]
[PlyCount "89"]
[EventDate "2011.01.29"]
[EventType "swiss"]
[EventRounds "9"]
[EventCountry "RUS"]
[SourceTitle "EXT 2022"]
[Source "ChessBase"]
[SourceDate "2021.10.06"]
[SourceVersion "1"]
[SourceVersionDate "2021.10.06"]
[SourceQuality "1"]

1. e4 d5 2. exd5 Qxd5 3. Nc3 Qd6 4. d4 c6 5. Nf3 Bg4 6. Be2 Nf6 7. h3 Bf5 8. 0-0 g6 9. Ne5 Bg7 10. Bf4 Qd8 11. Qd2 0-0 12. Rad1 Re8 13. Bc4 Rf8 14. g4 Be6 15. Bxe6 fxe6 16. Bh6 Nbd7 17. Bxg7 Kxg7 18. Qe2 Qc7 19. Nxd7 Qxd7 20. Qe5 Qd6 21. Rfe1 Kf7 22. Rd3 Qxe5 23. Rxe5 Nd5 24. Rf3+ Ke8 25. Rxf8+ Kxf8 26. Rxe6 Nxc3 27. bxc3 Kf7 28. Re5 e6 29. f4 Ke7 30. f5 Rf8 31. Rxe6+ Kd7 32. Re5 gxf5 33. gxf5 Kd6 34. Kf2 b6 35. Kf3 c5 36. Kf4 cxd4 37. cxd4 Rc8 38. Re2 Kd5 39. f6 Rf8 40. Kf5 a6 41. c3 b5 42. Re7 Rc8 43. f7 Rxc3 44. Re5+ Kd6 45. f8Q+ 1-0

[Event "Cheliabinsk Postovalov Memorial 5th"]
[Site "Cheliabinsk"]
[Date "2011.01.08"]
[Round "6"]
[White "Pauli, Stanislav"]
[Black "Volozhanin, Boris"]
[Result "1-0"]
[WhiteElo "2082"]
[BlackElo "1853"]
[PlyCount "71"]
[EventDate "2011.01.06"]
[EventType "swiss"]
[EventRounds "9"]
[EventCountry "RUS"]
[SourceTitle "CBM 140 Extra"]
[Source "ChessBase"]
[SourceDate "2011.03.01"]
[SourceVersion "1"]
[SourceVersionDate "2011.03.01"]
[SourceQuality "1"]

1. e4 e6 2. d4 d5 3. Nd2 Nf6 4. e5 Nfd7 5. Bd3 c5 6. c3 Nc6 7. Ne2 Be7 8. 0-0 Qb6 9. Nf3 cxd4 10. cxd4 f5 11. exf6 Nxf6 12. Nc3 Bd7 13. h3 Bd6 14. a3 0-0-0 15. b4 Nxd4 16. Nxd4 Qxd4 17. Ra2 Kb8 18. Ne2 Qb6 19. Be3 Qc7 20. Qb3 Rc8 21. Rc1 Qd8 22. Rxc8+ Qxc8 23. Rc2 Qd8 24. Nd4 e5 25. Nb5 Bxb5 26. Bxb5 d4 27. Bg5 Qe7 28. f3 e4 29. Bxf6 Qxf6 30. fxe4 Qf4 31. Be2 Qh2+ 32. Kf2 Rf8+ 33. Bf3 Bg3+ 34. Ke2 Qg1 35. Rc5 Rd8 36. Rd5 1-0

[Event "Cheliabinsk Postovalov Memorial 2nd"]
[Site "Cheliabinsk"]
[Date "2008.01.09"]
[Round "9"]
[White "Lefebr, Vladislav"]
[Black "Pauli, Stanislav"]
[Result "1/2-1/2"]
[WhiteElo "1987"]
[BlackElo "2070"]
[PlyCount "26"]
[EventDate "2008.01.02"]
[EventType "swiss"]
[EventRounds "9"]
[EventCountry "RUS"]
[SourceTitle "CBM 122 Extra"]
[Source "ChessBase"]
[SourceDate "2008.03.04"]
[SourceVersion "1"]
[SourceVersionDate "2008.03.04"]
[SourceQuality "1"]

1. c4 g6 2. Nc3 c5 3. g3 Bg7 4. Bg2 Nc6 5. Nf3 e6 6. 0-0 Nge7 7. d3 0-0 8. Bd2 d5 9. Qc1 b6 10. Bh6 d4 11. Ne4 e5 12. Bxg7 Kxg7 13. Ned2 Qc7 1/2-1/2